Standortwahl von Unternehmen und Industriestandortpolitik <Ein> Empirischer Beitrag zur Beurteilung regional politischer Instrumente

Salvato in:
Dettagli Bibliografici
Autore principale: Ballestrem, Ferdinand Graf von
Natura: Libro
Lingua:tedesco
Pubblicazione: Berlin Duncker und Humblot 1974
Edizione:1. Aufl.
Tags: Aggiungi Tag
Nessun Tag, puoi essere il primo ad aggiungerne!!

MARC

LEADER 00000nam a2200000 4500
001 c038177
005 20221220102713.5
041 0 |a ger 
044 |a DE 
245 1 0 |a Standortwahl von Unternehmen und Industriestandortpolitik  |b <Ein> Empirischer Beitrag zur Beurteilung regional politischer Instrumente  |c Ferdinand Graf von Ballestrem 
250 |a 1. Aufl. 
264 1 |a Berlin  |b Duncker und Humblot  |c 1974 
300 |a 158 s. 
100 1 |a Ballestrem, Ferdinand Graf von